000 00304nam a2200133Ia 4500
008 220216s9999 xx 000 0 und d
100 _aWahab Mahmud Abd
245 0 _aRubber as a strategic crop
260 _bPlanter
_c2002
300 _a97-100
650 _aMalaysia
650 _aRubber
942 _cJS
999 _c67457
_d67457